Statistics for Countries between 500,000 and 950,000 square km

Click here to take the quiz!

General Stats

  • This quiz has been taken 7 times
  • The average score is 19 of 22

Answer Stats

HintAnswer% Correct
652,230Afghanistan
100%
581,730Botswana
100%
580,367Kenya
100%
587,041Madagascar
100%
801,590Mozambique
100%
825,615Namibia
100%
881,912Pakistan
100%
945,087Tanzania
100%
783,562Turkey
100%
622,984Central African Republic
75%
756,096Chile
75%
551,695France
75%
676,578Myanmar
75%
923,768Nigeria
75%
637,657Somalia
75%
644,329South Sudan
75%
505,600Spain
75%
513,120Thailand
75%
603,500Ukraine
75%
916,445Venezuela
75%
752,612Zambia
75%
527,968Yemen
50%

Score Distribution

Percentile by Number Answered

Percent of People with Each Score

Your Score History

You have not taken this quiz